Gaming Quiz

Random Gaming Quiz

Can you name the Beyblades? Quiz Stats

 Plays Quiz not verified by Sporcle

Also try: Rock Band 2 Songs
Challenge
Share
Tweet
Embed
Score 0/26 Timer 20:00
0 Plays Today
Hint % Correct
Gingka'sPegasus
88.2%
Tsubasa'sEagle
75.6%
Yu'sLibra
71.9%
MasamuneStriker
71.2%
Kyoya'sLeone
52.5%
Ryuga'sL-Drago
48.4%
Benkei'sDark Bull
45.7%
Gingka's New BeyGalaxy Pegasus
34.5%
Julian'sDestroyer
22.4%
Faust'sTempo
21.9%
Enzo'sRay Gasher
20.7%
Damian'sHades Kerbecs
19.6%
Argo'sRay Gill
18.7%
Hint % Correct
Jack'sBefall
18.2%
Sophie'sGrand Cetus
18%
Wales'sGrand Cetus
18%
Ian'sHerculeo
16.1%
Nile'sVulcan Horuseus
15.6%
Klaus'sGrand Capricorn
14%
Madoka'sMad Gasher
13.8%
Kenta'sFlash Sagittario
13.3%
Demure'sCounter Scorpio
12.4%
Dr. Ziggurat'sSpiral Capricorn
11.2%
Selen'sRay Cancer
10.3%
Toby'sSpiral Lyra
7%
Zeo'sScrew Fox
5.8%

You're not logged in!

Compare scores with friends on all Sporcle quizzes.
OR
Log In

You Might Also Like...

Show Comments

Extras

Created Nov 10, 2012ReportNominate
Tags:reblade

Top Quizzes Today


Score Distribution

Your Account Isn't Verified!

In order to create a playlist on Sporcle, you need to verify the email address you used during registration. Go to your Sporcle Settings to finish the process.

Report this User

Report this user for behavior that violates our Community Guidelines.

Details: